000
00342nam a2200157Ia 4500
100
_a
Naughton Patrick/ Schildt/ H.
250
_a
3
942
_c
BK
654
_a
Computer
245
_a
Complete Reference Java 2
260
_b
Tata Mc Graw hill
_c
1999
082
_a
005.133'J'
_b
NAU
300
_a
1108
546
_a
ENGLISH
999
_c
23598
_d
23598